Programové prostriedky SMEP zborník prednášok

Uložené v:
Podrobná bibliografia
Médium: Kniha
Jazyk:Slovak
Vydavateľské údaje: Žilina Dom techniky ČSVTS 1983
Tagy: Pridať tag
Žiadne tagy, Buďte prvý, kto otaguje tento záznam!

MARC

LEADER 00000nam a2200000 4500
001 c115705
005 20181203150333.3
041 0 |a slo 
044 |a SK 
245 1 0 |a Programové prostriedky SMEP  |b zborník prednášok 
264 1 |a Žilina  |b Dom techniky ČSVTS  |c 1983 
300 |a 58 s.